000 00381ntaaa2200169 4500
003 01
005 20251027201253.0
008 0714s1973 ag 01
040 _aAR-BaBN
_bspa
_cAR-BaBN
_eaacr
_dRIC
082 _a220.9500 E22
100 _aEdersheim, Alfred
245 _aBible history
250 _a1 ed.
260 _as.l.,
_cn.f.
650 _aBiblia-Historia
_94093
942 _cBK
999 _c7087
_d7087